01419nam a2200241Ia 4500001001100000003001000011008004100021040002500062041001300087100002300100245006300123250001100186260006700197300002800264500026000292501011400552520026000666650003400926942000700960957000600967999004200973952016201015L240-12096IT-CnALBA170116s9999||||xx |||||||||||||| ||und|| aIT-CnALBAcIT-CnALBA aINGLESE  aHOUCK A. FREDERICK 0aOUR PALACE WONDERFUL OR MAN'S PLACE IN VISIBLE CREATION .  a2a ed. aCINISELLO BALSAMO (MI)bEDIZIONI PAOLINEc1953 [1° Ed.: n.d.] a154 p. (prefazione: 13) aEDITO DALLE EDIZIONI PAOLINE USA. TEORIE ERRATE SULL'ORIGINE DEL MONDO. MERAVIGLIE DEL MONDO MINERALE. MERAVIGLIE DEL MONDO VEGETALE DERIVANTI DA DIO CREATORE. L'UOMO, RE DEL CREATO. STUDIO DEL CREATO MANIFESTANTE L'AMORE DELL'UOMO E L'AMORE DI DIO. INDIC aSocietà San Paolo EM - Piazza San Paolo, 14 - 12051 ALBA (CN) (non commercial uses only) ® Copyright 2017 aEDITO DALLE EDIZIONI PAOLINE USA. TEORIE ERRATE SULL'ORIGINE DEL MONDO. MERAVIGLIE DEL MONDO MINERALE. MERAVIGLIE DEL MONDO VEGETALE DERIVANTI DA DIO CREATORE. L'UOMO, RE DEL CREATO. STUDIO DEL CREATO MANIFESTANTE L'AMORE DELL'UOMO E L'AMORE DI DIO. INDIC aTEOLOGIA SPIRITUALE CRISTIANA cBK 71 a16849bNOg Copie: 1 c271273d271273 0010406L_2401209671aALBAbALBAd2017-01-16l0oL240-12096r2017-01-16 00:00:00w2017-01-16yBKz(data import: 16 gennaio 2017) - By Epidotti, Vaglietti.